000
00309nam a2200133Ia 4500
005
20251222142013.0
008
251222s9999||||xx |||||||||||||| ||spa||
020
_a
84-345-8003-2
082
_a
868.6/S38
100
_a
Sender, Ramón J.
245
0
_a
El Bandido Adolescente
264
_b
Salvat
942
_c
LIB
999
_c
10396
_d
10396